| 000 | 01950cam a22005294i 4500 | ||
|---|---|---|---|
| 003 | PE-LiUPU | ||
| 005 | 20250731165649.0 | ||
| 008 | 150616s r 000 0 d | ||
| 020 | _a9004098178 | ||
| 035 | _a(Sirsi) i9789004098176 | ||
| 040 |
_aPE-LiUPU _bspa _cPE-LiUPU _erda |
||
| 049 | _aPRUA | ||
| 082 | 0 | 4 |
_a492.2d _bH66 _221 |
| 100 | 1 |
_aHoftijzer, Jacob, _eautor. |
|
| 245 | 1 | 0 |
_aDictionary of the North-West Semitic Inscriptions. _n1 / _cpor J. Hoftijzer & K. Jongeling ; con apéndices de R.C. Steiner, A. Mosak Moshavi y B. Porten. |
| 264 | 1 |
_aLeiden, Holanda : _bE.J. Brill, _c1995. |
|
| 300 |
_a585 páginas ; _c25 centímetros |
||
| 336 |
_atext _2rdacontent |
||
| 337 |
_aunmediated _2rdamedia |
||
| 338 |
_avolume _2rdacarrier |
||
| 490 | 0 |
_aHandbuch der Orientalistik. Erste Abteilung, Der Nahe und Mittlere Osten ; _v1 |
|
| 505 | 0 | _aDictionary '-L. | |
| 526 | _aSEG44 | ||
| 526 | _aSEG26 | ||
| 526 | _aP151 | ||
| 526 | _aP150 | ||
| 526 | _aP149 | ||
| 526 | _aP146 | ||
| 526 | _aP145 | ||
| 526 | _aP126 | ||
| 526 | _aP125 | ||
| 526 | _aP92 | ||
| 526 | _aP75 | ||
| 526 | _aP74 | ||
| 526 | _aP27 | ||
| 526 | _aP15 | ||
| 650 | 0 | 4 |
_aInscripciones semitas _vDiccionarios _xInglés. |
| 650 | 0 | 4 |
_aLenguas semíticas, Northwest _vDiccionarios _xInglés. |
| 700 | 1 |
_aJongeling, K., _eautor. |
|
| 910 |
_ajck _bjvq _cjck |
||
| 942 |
_2ddc _cBOOK |
||
| 949 |
_aRC 492.2D H66 1 _wDEWEY _c1 _i43157 _lCCODEBUL1 _mBUL _r0 _sY _tBOOK _u2015-6-16 _xTEOLOGIA _zUNKNOWN _0COMPRA _o.CIRCNOTE. No olvidar cambiar la fecha de devolución!!!!!!! _o.STAFF. Colección General |
||
| 994 |
_aC0 _bPEPRU |
||
| 596 | _a1 | ||
| 999 |
_aRC 492.2D H66 1 _wDEWEY _c61115 _i43157 _f2021-11-8 _g5 _lCCODEBUL1 _mBUL _r1 _sY _tBOOK _u2015-6-16 _xTEOLOGIA _zUNKNOWN _0COMPRA _o.CIRCNOTE. No olvidar cambiar la fecha de devolución!!!!!!! _o.STAFF. Colección General _d61115 |
||
| 980 |
_81 _gALBERTO SANCHEZ Responsable de Automatización |
||